| 000 | 00000nam##2200000za#4500 |
| 001 | 9.576562 |
| 003 | CaOODSP |
| 005 | 20210624185210 |
| 007 | cr ||||||||||| |
| 008 | 150406|1984||||xxc|||||o f|0| 0 eng|d |
| 040 | |aCaOODSP|beng |
| 043 | |an-cn--- |
| 086 | 1 |aFs97-13/484E-PDF |
| 110 | 1 |aCanada. |bDepartment of Fisheries and Oceans. |
| 245 | 10|aZooplankton in Lake 226, Experimental Lakes Area, northwestern Ontario, 1971-1978 data / |h[electronic resource]|cby P.S.S. Chang ...[et al.]. |
| 260 | |aWinnipeg - Manitoba : |bFisheries and Oceans Canada |c1984. |
| 300 | |a212p.|bfig., references |
| 490 | 1 |aCanadian data report of fisheries and aquatic sciences|vNo. 484 |
| 500 | |aOn t.p.: Western Region, Winnipeg, Manitoba. Catalogue number of the print edition appears in the PDF version. |
| 546 | |a(Résumé en français) |
| 590 | |a13-15-Supp|b2013-06-24 |
| 720 | 1 |aChang, P. S. S. |
| 830 | #0|aCanadian data report of fisheries and aquatic sciences ;|vNo. 484|w(CaOODSP)9.505124 |
| 856 | 40|ahttp://publications.gc.ca|qPDF|s3656 KB|uhttps://publications.gc.ca/collections/collection_2013/mpo-dfo/Fs97-13-484-eng.pdf|yNo. 484 |